Lie To Girls - Sabrina Carpenter (All Lyrics) - Statistics

General Stats
  • This quiz has been taken 366 times
  • The average score is 287 of 321
Answer Stats
Lyrics % Correct
do
100%
Do
100%
Don't
100%
don't
100%
(Don't
100%
I
100%
You
100%
you,
100%
you
100%
a
99%
girl
99%
girls
99%
Girls
99%
have
99%
have)
99%
lie
99%
the
99%
The
99%
to
99%
To
99%
An
98%
an
98%
it
98%
like
98%
Like
98%
in
97%
just
97%
on
97%
they
97%
your
97%
and
96%
(And
96%
If
96%
for
95%
mom
95%
they'll
95%
They'll
95%
swear
94%
That
94%
that
94%
themselves
93%
first
92%
it's
92%
It's
92%
month
91%
had
90%
know
90%
will
90%
better
89%
but
89%
All
88%
all
88%
(All
88%
No,
88%
no
88%
you've
88%
anyone
87%
cry
87%
die
87%
than
87%
say
86%
I'm
85%
was
85%
can
84%
My
84%
my
84%
once
84%
'til
84%
drink
83%
else?
83%
friends)
82%
make
82%
ever
81%
mother
81%
We
81%
Yeah,
81%
happened
80%
love
80%
look
79%
truth
79%
can't
78%
forever
78%
need
78%
pretend
78%
sisters)
78%
clever
77%
of
77%
butterflies
76%
ugly
76%
whole
76%
bend
75%
chance
75%
excuses
75%
incident
75%
isolated
75%
I've
75%
mistake
75%
stupid,
75%
There's
75%
day
74%
shitshow
74%
best
73%
lot
73%
never
73%
try
73%
seen
72%
stand
72%
club
70%
even
70%
give
70%
guy
70%
arrest
69%
(Oh)
69%
outside
69%
read
69%
cardiac
68%
her
68%
lucky
68%
strip
68%
they're
67%
chances
66%
damn
66%
getting
66%
finger
65%
something
65%
their
65%
Turn
65%
cards
64%
cold,
64%
good
64%
into
64%
looks
64%
facts
63%
hard
63%
lift
62%
Against
60%
Isn't
60%
minds
60%
tarot
60%
lose
59%
goddamn
58%
incorrect
58%
ideal,
53%
(Ooh)
36%
No matching quizzes found
Score Distribution
Percent of People with Each Score
Percentile by Number Answered
Your Score History
You have not taken this quiz